00318nam a2200121Ia 4500008004100000041000800041082001400049100002000063245004000083260004000123300002400163365000900187240624s9999 xx 000 0 und d aeng a332.6 CRA aCRABBE IELAND E aMANAGING A CORPORATE BOND PORTFOLIO c2001aNew YorkbJohn Wiley and Sons a325 : p. : cm. ; 24 cb30